New York / (Record no. 1733)
[ view plain ]
| 000 -LEADER | |
|---|---|
| fixed length control field | 01464nam a22002057a 4500 |
| 005 - DATE AND TIME OF LATEST TRANSACTION | |
| control field | 20230921162937.0 |
| 020 ## - INTERNATIONAL STANDARD BOOK NUMBER | |
| International Standard Book Number | 9781862008625 |
| 040 ## - CATALOGING SOURCE | |
| Original cataloging agency | FISKH |
| Language of cataloging | eng |
| Transcribing agency | FISKH |
| Modifying agency | FISKH |
| 050 ## - LIBRARY OF CONGRESS CALL NUMBER | |
| Classification number | F128.3 |
| 082 ## - DEWEY DECIMAL CLASSIFICATION NUMBER | |
| Classification number | 974.71 |
| 100 ## - MAIN ENTRY--PERSONAL NAME | |
| Personal name | Henry, Sarah |
| 245 ## - TITLE STATEMENT | |
| Title | New York / |
| Remainder of title | the story of a great city |
| Statement of responsibility, etc. | In association with and written by the Museum of The City of New York |
| 250 ## - EDITION STATEMENT | |
| Edition statement | This edition published in 2011 by Sevenoaks |
| 260 ## - PUBLICATION, DISTRIBUTION, ETC. | |
| Place of publication, distribution, etc. | London : |
| Name of publisher, distributor, etc. | Carlton Books, |
| Date of publication, distribution, etc. | 2011 |
| 300 ## - PHYSICAL DESCRIPTION | |
| Extent | 124 pages : |
| Dimensions | 31 x 28 cm |
| 520 ## - SUMMARY, ETC. | |
| Summary, etc. | Few cities make your heart race faster just by standing on their streets, but New York exerts an influence that stretches far beyond the city's limits. New York: The Story of a Great City tells concisely and entertainingly how the city developed from the land inhabited by the Lenape people to the great metropolis it is today. Organized both thematically and chronologically, the book brings the city's history to life. The book contains stunning images as wells as documents printed on the page including - diary extracts, immigration papers, maps, newspaper clippings, playbills, letters and posters. All go to highlight the ups and downs of the city's past. As Agatha Christie once said, "It is ridiculous to set a detective story in New York City, New York City is itself a detective story." Now the reader can discover that story in the comfort of his or her own armchair. |
| 650 ## - SUBJECT ADDED ENTRY--TOPICAL TERM | |
| Topical term or geographic name entry element | New York |
| 942 ## - ADDED ENTRY ELEMENTS (KOHA) | |
| Source of classification or shelving scheme | Dewey Decimal Classification |
| Koha item type | Books |
| Suppress in OPAC | No |
| 999 ## - | |
| -- | 1733 |
| -- | 1733 |
| Withdrawn status | Lost status | Source of classification or shelving scheme | Damaged status | Not for loan | Collection | Home library | Current library | Shelving location | Date acquired | Total Checkouts | Full call number | Barcode | Date last seen | Price effective from | Koha item type |
|---|---|---|---|---|---|---|---|---|---|---|---|---|---|---|---|
| Dewey Decimal Classification | Non-Fiction | Footprints International School Library Network Toul Kork Campus | Footprints International School Library Network Toul Kork Campus | 09/21/2023 | HEN 974.71 F128.3 | 2023-0693 | 09/21/2023 | 09/21/2023 | Books |
